|
|
|
|
| LEADER |
00729nab a2200205 i 4500 |
| 001 |
publ24864 |
| 005 |
20220810084254.0 |
| 008 |
220810s2020 hu o 0|| Angol d |
| 022 |
|
|
|a 2064-9908
|
| 024 |
7 |
|
|a 10.3311/ope.376
|2 doi
|
| 024 |
7 |
|
|a 31836868
|2 mtmt
|
| 040 |
|
|
|a SZTE Publicatio Repozitórium
|b hun
|
| 041 |
|
|
|a Angol
|
| 100 |
1 |
|
|a Mamad Abderrahim
|
| 245 |
1 |
4 |
|a The Role of Written Corrective Feedback in EFL Writing
|h [elektronikus dokumentum] /
|c Mamad Abderrahim
|
| 260 |
|
|
|c 2020
|
| 300 |
|
|
|a 148-154
|
| 490 |
0 |
|
|a OPUS ET EDUCATIO: MUNKA ÉS NEVELÉS
|v 7 No. 2 (25)
|
| 650 |
|
4 |
|a Oktatástudomány
|
| 856 |
4 |
0 |
|u http://publicatio.bibl.u-szeged.hu/24864/1/TheRoleofWrittenCorrectiveFeedbackinEFLWriting.pdf
|z Dokumentum-elérés
|